000 00646 a2200193 4500
999 _c183371
_d183371
005 20211223155217.0
010 _aENG-130550
020 _a978-0-19-012829-6
_c595.00
035 _aEN-114082
037 _bDBAD/PUB
082 _a330.954
_b1
100 _aRoy, Tirthankar
245 _aThe Economic History Of India:
_cTirthankar, Roy
250 _a4th edition
_b2020
260 _aNew Delhi
_bOxford University Press
_c2020
270 _a22 Workspace, 2nd Floor, 1/22 Asaf Ali Road
_bNew Delhi
_e110002
300 _aix-xix,384 p.
_c21cm (pbk)
_bPrimary source, Further Readings, Index
942 _adpl
_cEN
_2ddc
_h330.954
_mROY